00449nam a22001577a 450000500170000001000180001702000260003503500180006103700210007908200130010010000240011324500460013726000340018327000510021730000230026820120509150337.0 aB-458224-8238 a9788126916658c895.00 aB-458224-8238 adplbK.K.Pub/Ven a863.1092 aTagore Rabindernath aSelected essays /cby Rabindernath Tagore aNew DelhibAtlantic Pubc2012 a7/22 Ansari Road Darya GanjbNew Delhie110002 aVii,441pc21cm(Hb)